Online
Catalog

Odiseas accidentadas y recursos educativos / (Record no. 8502)

MARC details
000 -CABECERA
campo de control de longitud fija 01103nam a2200277 a 4500
001 - NÚMERO DE CONTROL
campo de control 000008732
003 - IDENTIFICADOR DEL NÚMERO DE CONTROL
campo de control DO-SdBNP
005 - FECHA Y HORA DE LA ÚLTIMA TRANSACCIÓN
campo de control 20240412074208.0
008 - DATOS DE LONGITUD FIJA--INFORMACIÓN GENERAL
campo de control de longitud fija 090918s1992 dr ac 000 0 spa d
020 ## - NÚMERO INTERNACIONAL ESTÁNDAR DEL LIBRO
Número Internacional Estándar del Libro 9789945162080
040 ## - FUENTE DE LA CATALOGACIÓN
Centro catalogador/agencia de origen DO-SdBNP
Lengua de catalogación spa
Centro/agencia transcriptor BNPHU
082 #4 - NÚMERO DE LA CLASIFICACIÓN DECIMAL DEWEY
Número de clasificación 972.9358
Número de documento/Ítem C227o
Número de edición 22
100 1# - ENTRADA PRINCIPAL--NOMBRE DE PERSONA
Nombre de persona Cano, Telésforo
9 (RLIN) 23250
245 10 - MENCIÓN DE TÍTULO
Título Odiseas accidentadas y recursos educativos /
Mención de responsabilidad, etc. Telésforo Cano ; introducción Pedro R. Vázquez y Vázquez ; prólogo Virgilio Hoepelman.
260 ## - PUBLICACIÓN, DISTRIBUCIÓN, ETC.
Lugar de publicación, distribución, etc. Santo Domingo :
Nombre del editor, distribuidor, etc. Taller,
Fecha de publicación, distribución, etc. 1992.
300 ## - DESCRIPCIÓN FÍSICA
Extensión 269 p. :
Otras características físicas il., retrs. ;
Dimensiones 22 cm.
500 ## - NOTA GENERAL
Nota general La biblioteca posee 3 ejemplares autografiados por el autor
650 #4 - PUNTO DE ACCESO ADICIONAL DE MATERIA--TÉRMINO DE MATERIA
Término de materia o nombre geográfico como elemento de entrada Ciudades y pueblos
Subdivisión geográfica República Dominicana
Subdivisión general Historia
9 (RLIN) 8393
650 #0 - PUNTO DE ACCESO ADICIONAL DE MATERIA--TÉRMINO DE MATERIA
Término de materia o nombre geográfico como elemento de entrada Literatura dominicana.
9 (RLIN) 67
651 #4 - PUNTO DE ACCESO ADICIONAL DE MATERIA--NOMBRE GEOGRÁFICO
Nombre geográfico Puerto Plata ( República Dominicana)
Subdivisión general Vida social y costumbres
9 (RLIN) 23251
651 #4 - PUNTO DE ACCESO ADICIONAL DE MATERIA--NOMBRE GEOGRÁFICO
Nombre geográfico Puerto Plata (República Dominicana)
Subdivisión general Historia l
9 (RLIN) 1943
700 12 - PUNTO DE ACCESO ADICIONAL--NOMBRE DE PERSONA
Nombre de persona Vázquez y Vázquez, Pedro,
9 (RLIN) 23252
700 12 - PUNTO DE ACCESO ADICIONAL--NOMBRE DE PERSONA
Nombre de persona Hoepelman, Virgilio,
Término indicativo de función/relación pról.
9 (RLIN) 11257
910 ## - DATOS DE OPCIÓN DEL USUARIO (OCLC)
Datos de opción del usuario Validado. Control de la calidad EMS
942 ## - ELEMENTOS DE PUNTO DE ACCESO ADICIONAL (KOHA)
Fuente del sistema de clasificación o colocación Dewey Decimal Classification
Tipo de ítem Koha Libro
Holdings
Estado de retiro Estado de pérdida No para préstamo Código de colección Localización permanente Ubicación/localización actual Ubicación en estantería Fecha de adquisición Número de inventario Total de préstamos Signatura topográfica completa Código de barras Fecha visto por última vez Precio válido a partir de Tipo de ítem Koha Número de copia
    Excluido de préstamo Patrimonio Dominicano Patrimonio Dominicano Patrimonio Dominicano Depósito 18.09.2009 LF1   972.9358 C227o 8732-10 25.06.2020 25.06.2020 Libro y Folleto Colección Patrimonio Dominicano  
    Excluido de préstamo Patrimonio Dominicano Patrimonio Dominicano Patrimonio Dominicano Depósito 18.09.2009 LF1   972.9358 C227o 8732-20 25.06.2020 25.06.2020 Libro y Folleto Colección Patrimonio Dominicano e. 2

Powered by Koha